Online
Catalog

John Quincy Adams, his theory and ideas / (Record no. 7465)

MARC details
000 -CABECERA
campo de control de longitud fija 00696cam a2200193 a 4500
001 - NÚMERO DE CONTROL
campo de control 000007685
005 - FECHA Y HORA DE LA ÚLTIMA TRANSACCIÓN
campo de control 20200929154248.0
008 - DATOS DE LONGITUD FIJA--INFORMACIÓN GENERAL
campo de control de longitud fija 730418s1965 nyu b 001 0 eng d
040 ## - FUENTE DE LA CATALOGACIÓN
Centro catalogador/agencia de origen DO-SdBNP
Lengua de catalogación spa
Centro/agencia transcriptor BNPHU
082 ## - NÚMERO DE LA CLASIFICACIÓN DECIMAL DEWEY
Número de clasificación 923.173
Número de documento/Ítem A211L
100 1# - ENTRADA PRINCIPAL--NOMBRE DE PERSONA
Nombre de persona Lipsky, George A.
Forma completa/desarrollada del nombre (George Arthur),
Fechas asociadas al nombre 1912-
9 (RLIN) 21299
245 10 - MENCIÓN DE TÍTULO
Título John Quincy Adams, his theory and ideas /
Mención de responsabilidad, etc. George A. Lipsky ; prólogo Allan Nevins.
260 ## - PUBLICACIÓN, DISTRIBUCIÓN, ETC.
Lugar de publicación, distribución, etc. New York :
Nombre del editor, distribuidor, etc. Thomas y Crowell Company,
Fecha de publicación, distribución, etc. 1965.
300 ## - DESCRIPCIÓN FÍSICA
Extensión xii, 347 p. ;
Dimensiones 22 cm.
504 ## - NOTA DE BIBLIOGRAFÍA, ETC.
Nota de bibliografía, etc. Bibliografía: p. 334-339.
600 10 - PUNTO DE ACCESO ADICIONAL DE MATERIA--NOMBRE DE PERSONA
Nombre de persona ADAMS, JOHN QUINCY,
Fechas asociadas al nombre 1767-1848.
9 (RLIN) 21300
651 #4 - PUNTO DE ACCESO ADICIONAL DE MATERIA--NOMBRE GEOGRÁFICO
Nombre geográfico Estados Unidos
Subdivisión general Presidente
Subdivisión cronológica 1825-1829
9 (RLIN) 21301
700 1# - PUNTO DE ACCESO ADICIONAL--NOMBRE DE PERSONA
Nombre de persona Nevins, Allan,
Término indicativo de función/relación pról.
9 (RLIN) 21302
Holdings
Estado de retiro Estado de pérdida Restricciones de uso No para préstamo Código de colección Localización permanente Ubicación/localización actual Ubicación en estantería Fecha de adquisición Número de inventario Total de préstamos Signatura topográfica completa Código de barras Fecha visto por última vez Precio válido a partir de Tipo de ítem Koha
    Préstamo interno   Monografías: Libros y Folletos General General En catalogación 09.09.2009 LF1   923.173 A211L 7685-10 25.06.2020 25.06.2020 Préstamo interno

Powered by Koha